00000000nam 2200000zi 4500
0019.922208
003CaOODSP
00520230503112430
006m     o  d f      
007cr |n|||||||||
008230503e20230403onc     ob   f|0| 0 fre d
040 |aCaOODSP|bfre|erda|cCaOODSP
043 |an-cn---
0861 |aYN5-265/2023F-PDF
24500|aEstimation des coûts de l’élimination des exemptions fiscales accordées aux fiducies de placement immobilier.
264 1|aOttawa : |bBureau du Directeur parlementaire du budget = Office of the Parliamentary Budget Officer, |c3 avril 2023.
264 4|c©2023
300 |a1 ressource en ligne (17 pages)
336 |atexte|btxt|2rdacontent/fre
337 |ainformatique|bc|2rdamedia/fre
338 |aressource en ligne|bcr|2rdacarrier/fre
500 |aPublié aussi en anglais sous le titre : Cost of removing the tax exemptionsfor Real Estate Investment Trusts.
500 |a« RP-2324-001-M_f. »
504 |aComprend des références bibliographiques (page 15).
650 6|aSociétés immobilières|zCanada.
650 6|aImpôt|xExemptions|zCanada.
7101 |aCanada. |bBureau du Directeur parlementaire du budget, |eorganisme de publication.
77508|tCost of removing the tax exemptions for Real Estate Investment Trusts.|w(CaOODSP)9.922120
85640|qPDF|s512 Ko|uhttps://publications.gc.ca/collections/collection_2023/dpb-pbo/YN5-265-2023-fra.pdf